Devine le personnage Disney à partir de ses couleurs - animaux - Statistiques

Statistiques générales
  • Ce quiz a été pris 19 fois
  • Le résultat moyen est 6 sur 32
Statistiques - réponses
Par images Réponse % Correct
Sébastien
64%
Pan-pan
57%
Polochon
50%
Fleur
29%
Simba
29%
Dumbo
21%
Jiminy Cricket
21%
Pascal
21%
Abu
14%
Bagheera
14%
Bambi
14%
Bianca
14%
Chat du cheshire
14%
Hei hei
14%
Iago
14%
Pumbaa
14%
Rouky
14%
Rox
14%
Sven
14%
Timon
14%
Timothée
14%
Baloo
7%
Bernard
7%
Dory
7%
Duchesse
7%
Gus
7%
Lady
7%
Meeko
7%
Mushu
7%
Némo
7%
Rafiki
7%
Rémi
7%
Aucun quiz correspondant
Distribution des résultats
% des personnes avec chaque résultat
Percentile par nombre de réponses
Votre historique - résultats
Vous n’avez pas pris ce quiz